Reshaping of british railways (Record no. 413711)

000 -LEADER
fixed length control field 00407cam a22001337a 4500
008 - FIXED-LENGTH DATA ELEMENTS--GENERAL INFORMATION
fixed length control field 180718b1963 xxu||||| |||| 00| 0 eng d
082 ## - DEWEY DECIMAL CLASSIFICATION NUMBER
Classification number W1x42 Un3
245 ## - TITLE STATEMENT
Title Reshaping of british railways
Statement of responsibility, etc. by British Railways Board
260 ## - PUBLICATION, DISTRIBUTION, ETC.
Place of publication, distribution, etc. London
Name of publisher, distributor, etc. Her Majesty's
Date of publication, distribution, etc. 1963
300 ## - PHYSICAL DESCRIPTION
Extent ii,148p
500 ## - GENERAL NOTE
General note Part I: Report, Part 2: Maps
650 ## - SUBJECT ADDED ENTRY--TOPICAL TERM
Topical term or geographic name entry element Railroads --Great Britain.
700 ## - ADDED ENTRY--PERSONAL NAME
Personal name U.K.British Railways Board
Holdings
Withdrawn status Lost status Damaged status Not for loan Permanent Location Current Location Date acquired Full call number Barcode Date last seen Price effective from Koha item type
        Indian Institute of Public Administration Indian Institute of Public Administration 2009-02-18 W1x42 Un3 DA63 2018-07-21 2018-07-21 DA
        Indian Institute of Public Administration Indian Institute of Public Administration 2009-02-18 W1x42 Un3 DA62 2018-07-21 2018-07-21 DA

Powered by Koha